Normal view
MARC view
- ستون،ميرلين/نيل وودكوك/ليز ماكتينجر؛الاداد والترجمة:تيب توب لخدمات التعريب والترجمة شعبة العلوم الاقتصادية والادارية
Entry Personal Name
001 - CONTROL NUMBER
- control field: 33970
003 - CONTROL NUMBER IDENTIFIER
- control field: JO-AjAnu
005 - DATE AND TIME OF LATEST TRANSACTION
- control field: 20230606075708.0
008 - FIXED-LENGTH DATA ELEMENTS
- fixed length control field: 230606|| aca||aabn | a|a d
040 ## - CATALOGING SOURCE
- Original cataloging agency: JO-AjAnu
- Transcribing agency: JO-AjAnu
100 ## - HEADING--PERSONAL NAME
- Personal name: ستون،ميرلين/نيل وودكوك/ليز ماكتينجر؛الاداد والترجمة:تيب توب لخدمات التعريب والترجمة شعبة العلوم الاقتصادية والادارية
670 ## - SOURCE DATA FOUND
- Source citation: Work cat.: (JO-AjAnu)17448: ستون،ميرلين/نيل وودكوك/ليز ماكتينجر؛الاداد والترجمة:تيب توب لخدمات التعريب والترجمة شعبة العلوم الاقتصادية والادارية, author, التسويق من خلال علاقتك بالعملاء= Customer Relationship Marketing